000 00688nam a2200265Ia 4500
005 20260306164426.0
008 008 260114s9999 xx 000 0 eng d
020 _a9780199369065
037 _aEBOOK
040 _aCRL
040 _beng
040 _cCRL
041 _2eng
041 _aeng
084 _qCRL
100 _aDavid K. Pettegrew, William R. Caraher, Thomas W. Davis
_91130705
245 4 _aThe Oxford Handbook Of Early Christian Archaeology
260 _bOxford University Press
260 _c2019
650 _aArchaeology
856 _uhttps://academic.oup.com/edited-volume/28038
942 _cEBOOK
999 _c1714027
_d1714027